[Event "COL-chT (Women)"]
[Site "Risaralda"]
[Date "2023.11.23"]
[Round "7.3"]
[White "Toro Castaneda, Elizabeth"]
[Black "Perez Valcarcel, Maria Jose"]
[Result "1-0"]
[WhiteElo "1991"]
[BlackElo "1553"]
[PlyCount "53"]
[EventDate "2023.11.19"]
[EventType "team-swiss"]
[EventRounds "7"]
[EventCountry "COL"]
[SourceTitle "CB49_2023"]
[SourceDate "2023.12.06"]
[SourceVersion "1"]
[SourceVersionDate "2023.12.06"]
[SourceQuality "1"]
[WhiteTeam "Antioquia (W)"]
[BlackTeam "Caqueta (W)"]
[WhiteTeamCountry "COL"]
[BlackTeamCountry "COL"]

1. e4 Nf6 2. Nc3 e5 3. Nf3 Nc6 4. Bb5 d6 5. h3 Bd7 6. 0-0 a6 7. Bxc6 Bxc6 8. d4 Qe7 9. Re1 0-0-0 10. d5 Bd7 11. b4 Kb8 12. a4 Rc8 13. Be3 g5 14. Bxg5 Rg8 15. Kf1 h6 16. Bh4 Bg7 17. Qd2 Qf8 18. Reb1 Ne8 19. b5 a5 20. b6 f5 21. Ne2 cxb6 22. Rxb6 Rc5 23. Rab1 Bc8 24. Ng3 fxe4 25. Nxe4 Rc4 26. Qxa5 Rxe4 27. Rxb7+ 1-0

[Event "COL-chT (Women)"]
[Site "Risaralda"]
[Date "2023.11.21"]
[Round "4.3"]
[White "Perez Valcarcel, Maria Jose"]
[Black "Guerra Verano, Diana"]
[Result "1/2-1/2"]
[WhiteElo "1553"]
[BlackElo "1651"]
[PlyCount "101"]
[EventDate "2023.11.19"]
[EventType "team-swiss"]
[EventRounds "7"]
[EventCountry "COL"]
[SourceTitle "CB49_2023"]
[SourceDate "2023.12.06"]
[SourceVersion "1"]
[SourceVersionDate "2023.12.06"]
[SourceQuality "1"]
[WhiteTeam "Caqueta (W)"]
[BlackTeam "Bogota (W)"]
[WhiteTeamCountry "COL"]
[BlackTeamCountry "COL"]

1. e4 c5 2. Nc3 e6 3. Nf3 a6 4. g3 b5 5. a3 Bb7 6. d3 Nf6 7. Bg2 d5 8. e5 Nfd7 9. 0-0 Nc6 10. Re1 Be7 11. Na2 h5 12. c3 h4 13. d4 hxg3 14. hxg3 c4 15. Be3 Qc7 16. Ng5 Bxg5 17. Bxg5 Nf8 18. Nb4 Ne7 19. Bxe7 Qxe7 20. a4 a5 21. Nc2 b4 22. cxb4 axb4 23. Qd2 b3 24. Nb4 Qd7 25. a5 Qb5 26. Ra3 Rxa5 27. Nxd5 Qxd5 28. Bxd5 Bxd5 29. f3 Rxa3 30. bxa3 Bxf3 31. Qb4 Bd5 32. a4 Rh1+ 33. Kf2 Rh2+ 34. Ke3 Rg2 35. a5 Rxg3+ 36. Kf2 Rg2+ 37. Kf1 Ra2 38. Re2 Ra1+ 39. Kf2 Ng6 40. Qc3 Rh1 41. Re1 Rh2+ 42. Kf1 Rc2 43. Qb4 Ra2 44. Qb5+ Ke7 45. a6 Nf4 46. Qc5+ Ke8 47. Qc8+ Ke7 48. Qc7+ Ke8 49. Qc8+ Ke7 50. Qc7+ Ke8 51. Qc8+ 1/2-1/2

[Event "COL-chT (Women)"]
[Site "Risaralda"]
[Date "2023.11.19"]
[Round "2.3"]
[White "Perez Valcarcel, Maria Jose"]
[Black "Caicedo Anguila, Juliana Andrea"]
[Result "0-1"]
[WhiteElo "1553"]
[BlackElo "1695"]
[PlyCount "100"]
[EventDate "2023.11.19"]
[EventType "team-swiss"]
[EventRounds "7"]
[EventCountry "COL"]
[SourceTitle "CB49_2023"]
[SourceDate "2023.12.06"]
[SourceVersion "1"]
[SourceVersionDate "2023.12.06"]
[SourceQuality "1"]
[WhiteTeam "Caqueta (W)"]
[BlackTeam "Atlantico (W)"]
[WhiteTeamCountry "COL"]
[BlackTeamCountry "COL"]

1. e4 e6 2. d4 d5 3. Nc3 Nf6 4. Bg5 Be7 5. e5 Nfd7 6. Bxe7 Qxe7 7. Nf3 a6 8. Bd3 c5 9. Be2 Nc6 10. dxc5 Qxc5 11. 0-0 0-0 12. Bd3 Ncxe5 13. Nxe5 Nxe5 14. Bxh7+ Kxh7 15. Qh5+ Kg8 16. Qxe5 Bd7 17. Rad1 f6 18. Qh5 Be8 19. Qe2 Bf7 20. Rd3 Rfe8 21. Rg3 Qc4 22. Qxc4 dxc4 23. Ne4 Kf8 24. Nd6 Red8 25. Nxc4 Rac8 26. Ne3 Rd2 27. Re1 e5 28. Rh3 Kg8 29. Rh4 Bg6 30. Rb4 b5 31. c3 Bd3 32. h3 a5 33. Rb3 Rc5 34. Rd1 Rxd1+ 35. Nxd1 Bc2 36. Ra3 Bxd1 37. Rxa5 Be2 38. a4 Rd5 39. Ra8+ Kh7 40. a5 Rd1+ 41. Kh2 Rb1 42. b4 Rb3 43. Rc8 Bc4 44. a6 Ra3 45. Rc6 Rxc3 46. a7 Ra3 47. Rc7 Kg6 48. g3 Ra1 49. g4 Bd3 50. h4 Be4 0-1

[Event "Rivera Huila Hernandez Memorial-B"]
[Site "Rivera Huila"]
[Date "2023.07.23"]
[Round "6"]
[White "Perez Valcarcel, Maria Jose"]
[Black "Diaz Larrea, Juan Manuel"]
[Result "1/2-1/2"]
[WhiteElo "1534"]
[BlackElo "1960"]
[PlyCount "77"]
[EventDate "2023.07.20"]
[EventType "swiss"]
[EventRounds "7"]
[EventCountry "COL"]
[SourceTitle "CBM 215 Extra"]
[Source "ChessBase"]
[SourceDate "2023.09.30"]
[SourceVersion "1"]
[SourceVersionDate "2023.09.30"]
[SourceQuality "1"]

1. e4 e5 2. Nf3 Nc6 3. Bc4 Nf6 4. d3 Be7 5. 0-0 0-0 6. c3 d5 7. exd5 Nxd5 8. h3 Nb6 9. Bb3 Bf5 10. Bc2 Qd6 11. Re1 Qg6 12. Nxe5 Nxe5 13. Rxe5 Bxh3 14. Qf3 Bg4 15. Qxb7 Bd6 16. Rg5 Qh6 17. g3 f6 18. Bb3+ Kh8 19. Rxg4 Qxc1+ 20. Kg2 Rae8 21. Re4 Qxb2 22. Nd2 Qxa1 23. Qc6 Rxe4 24. Nxe4 Qc1 25. Nxd6 cxd6 26. Qxd6 Rc8 27. Be6 Qxc3 28. Bxc8 Qxc8 29. Qe7 h6 30. Qxa7 Qa8+ 31. Qxa8+ Nxa8 32. Kf3 Kg8 33. Ke4 Nc7 34. Kd4 Kf7 35. Kc5 Ke7 36. Kc6 Kd8 37. f4 g6 38. Kd6 h5 39. a4 1/2-1/2

[Event "Rivera Huila Hernandez Memorial-B"]
[Site "Rivera Huila"]
[Date "2023.07.22"]
[Round "4"]
[White "Perez Valcarcel, Maria Jose"]
[Black "Gutierrez Cabrera, Maria De Los Angele"]
[Result "1-0"]
[WhiteElo "1534"]
[BlackElo "1391"]
[PlyCount "65"]
[EventDate "2023.07.20"]
[EventType "swiss"]
[EventRounds "7"]
[EventCountry "COL"]
[SourceTitle "CBM 215 Extra"]
[Source "ChessBase"]
[SourceDate "2023.09.30"]
[SourceVersion "1"]
[SourceVersionDate "2023.09.30"]
[SourceQuality "1"]

1. e4 e5 2. Nf3 Nc6 3. Bc4 Bc5 4. c3 d6 5. b4 Bb6 6. Qb3 Qe7 7. h3 h6 8. Bb2 Nf6 9. d3 0-0 10. 0-0 Re8 11. Nbd2 Be6 12. Qc2 Bxc4 13. Nxc4 Rad8 14. Ne3 a6 15. Rfe1 d5 16. exd5 Nxd5 17. Nxd5 Rxd5 18. c4 Rdd8 19. Nxe5 Nxb4 20. Qb3 Qc5 21. d4 Qe7 22. c5 Ba5 23. Nc4 Qd7 24. Nxa5 Rxe1+ 25. Rxe1 Nc6 26. Nxc6 Qxc6 27. Qg3 b6 28. d5 Qg6 29. Qxc7 Rxd5 30. cxb6 Rd2 31. b7 Rxb2 32. b8Q+ Rxb8 33. Qxb8+ 1-0

[Event "Rivera Huila Hernandez Memorial-B"]
[Site "Rivera Huila"]
[Date "2023.07.21"]
[Round "3"]
[White "Aguilar, Jordy Steeven"]
[Black "Perez Valcarcel, Maria Jose"]
[Result "1-0"]
[WhiteElo "1565"]
[BlackElo "1534"]
[PlyCount "43"]
[EventDate "2023.07.20"]
[EventType "swiss"]
[EventRounds "7"]
[EventCountry "COL"]
[SourceTitle "CBM 215 Extra"]
[Source "ChessBase"]
[SourceDate "2023.09.30"]
[SourceVersion "1"]
[SourceVersionDate "2023.09.30"]
[SourceQuality "1"]

1. e4 e6 2. d4 d5 3. c4 dxe4 4. Nc3 Nf6 5. Be3 Be7 6. g3 Nc6 7. Bg2 Bb4 8. Nge2 0-0 9. 0-0 Bxc3 10. Nxc3 Qe7 11. Nxe4 h6 12. d5 exd5 13. Bc5 Qe5 14. Nxf6+ Qxf6 15. Bxf8 Kxf8 16. cxd5 Ne5 17. Qc2 Nf3+ 18. Kh1 Ng5 19. h4 Nf3 20. Qh7 Ke7 21. Qe4+ Ne5 22. f4 1-0

[Event "COL-chT Blitz (Women)"]
[Site "Santa Marta"]
[Date "2022.11.07"]
[Round "6.3"]
[White "Perez Valcarcel, Maria Jose"]
[Black "Mateus, Martha"]
[Result "0-1"]
[WhiteElo "1548"]
[BlackElo "1912"]
[PlyCount "109"]
[EventDate "2022.11.07"]
[EventType "team-swiss"]
[EventRounds "9"]
[EventCountry "COL"]
[SourceTitle "CBM 211 Extra"]
[Source "ChessBase"]
[SourceDate "2023.01.31"]
[SourceVersion "1"]
[SourceVersionDate "2023.01.31"]
[SourceQuality "1"]
[WhiteTeam "Caqueta (W)"]
[BlackTeam "Valle (W)"]
[WhiteTeamCountry "COL"]
[BlackTeamCountry "COL"]

1. e4 c5 2. Nc3 a6 3. g3 e6 4. Bg2 Ne7 5. Nge2 g6 6. d3 Bg7 7. 0-0 0-0 8. f4 f5 9. h3 d5 10. exf5 exf5 11. Kh2 d4 12. Na4 Qc7 13. b3 Bd7 14. Nb2 Bc6 15. Nc4 Nd7 16. Ba3 b6 17. Rc1 Bxg2 18. Kxg2 Nd5 19. Ng1 b5 20. Qf3 N7f6 21. Ne5 Ne3+ 22. Kh2 Nxf1+ 23. Rxf1 Rad8 24. Re1 Nd5 25. Ne2 Qa5 26. Bxc5 Qxe1 27. Bxf8 Bxf8 28. Nxd4 Qd2+ 29. Kh1 Bc5 30. Ne2 Qe1+ 31. Kh2 Qf2+ 32. Qxf2 Bxf2 33. d4 Nf6 34. Kg2 Ne4 35. Kf3 Rd6 36. c3 Be1 37. c4 bxc4 38. bxc4 Bc3 39. c5 Rxd4 40. Nxd4 Bxd4 41. c6 Bb6 42. Nd7 Bc7 43. g4 Nd6 44. Nf6+ Kf7 45. Nd5 Ne8 46. Ke3 Ke6 47. Kd4 Kd6 48. gxf5 gxf5 49. a4 Kxc6 50. Ne7+ Kb6 51. Nxf5 Ka5 52. Ke4 Kxa4 53. Nd4 Nd6+ 54. Kd5 Nb5 55. Nc6 0-1

[Event "COL-chT (Women)"]
[Site "Santa Marta"]
[Date "2022.11.05"]
[Round "7.3"]
[White "Perez Valcarcel, Maria Jose"]
[Black "Toro Castaneda, Elizabeth"]
[Result "0-1"]
[WhiteElo "1536"]
[BlackElo "2001"]
[PlyCount "50"]
[EventDate "2022.11.02"]
[EventType "team-swiss"]
[EventRounds "7"]
[EventCountry "COL"]
[SourceTitle "CBM 211 Extra"]
[Source "ChessBase"]
[SourceDate "2023.01.31"]
[SourceVersion "1"]
[SourceVersionDate "2023.01.31"]
[SourceQuality "1"]
[WhiteTeam "Caqueta (W)"]
[BlackTeam "Antioquia (W)"]
[WhiteTeamCountry "COL"]
[BlackTeamCountry "COL"]

1. e4 e5 2. Nf3 Nc6 3. Bc4 Bc5 4. c3 Nf6 5. b4 Bb6 6. d3 0-0 7. 0-0 d6 8. Qb3 h6 9. h3 Ne7 10. Nbd2 Ng6 11. d4 Nh5 12. a4 a5 13. dxe5 Nxe5 14. Nxe5 dxe5 15. bxa5 Rxa5 16. Ba3 Bc5 17. Bxc5 Rxc5 18. Nf3 Qf6 19. a5 Bxh3 20. Qb4 b6 21. a6 Qg6 22. Nh4 Qg5 23. a7 Bxg2 24. Kh2 Qxh4+ 25. Kxg2 Qg4+ 0-1

[Event "COL Subzt 2.3.4 (Women)"]
[Site "Risarald"]
[Date "2021.11.26"]
[Round "7"]
[White "Perez Valcarcel, Maria Jose"]
[Black "Sanchez, Rubiela"]
[Result "1-0"]
[WhiteElo "1526"]
[BlackElo "1606"]
[PlyCount "71"]
[EventDate "2021.11.23"]
[EventType "swiss"]
[EventRounds "9"]
[EventCountry "COL"]
[SourceTitle "CBM 205 Extra"]
[Source "ChessBase"]
[SourceDate "2022.01.31"]
[SourceVersion "1"]
[SourceVersionDate "2022.01.31"]
[SourceQuality "1"]

1. e4 c5 2. Nf3 d6 3. d4 cxd4 4. Nxd4 Nf6 5. Nc3 g6 6. Be3 Bg7 7. Be2 0-0 8. f3 Nc6 9. Qd2 Bd7 10. 0-0-0 Qa5 11. Kb1 Rfc8 12. g4 Rab8 13. h4 b5 14. Ncxb5 Nb4 15. a3 Rxb5 16. Bxb5 Bxb5 17. Qxb4 Qxb4 18. axb4 Ba4 19. b3 Be8 20. Ne2 a6 21. Nf4 Nd7 22. Nd5 Kf8 23. h5 e6 24. Nf4 Ke7 25. hxg6 hxg6 26. Rh7 Kf8 27. Rxd6 Kg8 28. Rh3 Rd8 29. Nd3 Ra8 30. Nc5 Nxc5 31. bxc5 e5 32. Rh2 a5 33. Rhd2 Kf8 34. c6 Rc8 35. Bc5 Kg8 36. Rd8 1-0

[Event "Ibague op"]
[Site "Ibague"]
[Date "2021.10.20"]
[Round "1"]
[White "Sanchez, Sebastian Felipe"]
[Black "Perez Valcarcel, Maria Jose"]
[Result "1-0"]
[WhiteElo "2445"]
[BlackElo "1524"]
[PlyCount "69"]
[EventDate "2021.10.20"]
[EventType "swiss"]
[EventRounds "9"]
[EventCountry "COL"]
[SourceTitle "CBM 204 Extra"]
[Source "ChessBase"]
[SourceDate "2021.11.30"]
[SourceVersion "1"]
[SourceVersionDate "2021.11.30"]
[SourceQuality "1"]

1. e4 e6 2. d4 d5 3. e5 c5 4. c3 Nc6 5. Nf3 Qb6 6. a3 c4 7. Nbd2 Nge7 8. Bxc4 Ng6 9. Bd3 Nf4 10. Bf1 Be7 11. g3 Ng6 12. h4 Bd8 13. Bd3 0-0 14. Ng5 f5 15. Qh5 Bxg5 16. hxg5 Kf7 17. Nf3 Bd7 18. b4 Qc7 19. Bd2 Ke7 20. Qxh7 Be8 21. Rh6 Kd8 22. Rxg6 Bxg6 23. Qxg6 Qe7 24. b5 Na5 25. c4 Nxc4 26. Bb4 Qf7 27. Qxf7 Rxf7 28. Bxc4 dxc4 29. Rc1 Rc8 30. g6 Rd7 31. Bd6 Rxd6 32. exd6 Kd7 33. Rxc4 Rxc4 34. Ne5+ Kxd6 35. Nxc4+ 1-0

[Event "Florencia Caqueta-ch"]
[Site "Florencia"]
[Date "2021.03.30"]
[Round "1"]
[White "Bermudez Zamboni, Paulo Andres"]
[Black "Perez Valcarcel, Maria Jose"]
[Result "1-0"]
[WhiteElo "1600"]
[BlackElo "1512"]
[PlyCount "73"]
[EventDate "2021.03.30"]
[EventType "swiss"]
[EventRounds "6"]
[EventCountry "COL"]
[SourceTitle "EXT 2022"]
[Source "ChessBase"]
[SourceDate "2021.10.06"]
[SourceVersion "1"]
[SourceVersionDate "2021.10.06"]
[SourceQuality "1"]

1. e4 e6 2. d4 d5 3. e5 c5 4. c3 Nc6 5. Nf3 Nge7 6. a3 a5 7. Bb5 Qb6 8. a4 Bd7 9. dxc5 Qc7 10. Bf4 Ng6 11. Bg3 Bxc5 12. Qe2 0-0 13. Nbd2 d4 14. Nb3 Be7 15. Nbxd4 Rad8 16. 0-0 Bc5 17. Nb3 Bb6 18. Rad1 Nge7 19. Rd2 Nf5 20. Rfd1 Nxg3 21. hxg3 Nb8 22. Rd6 f6 23. Bxd7 Rxd7 24. Rxe6 Rxd1+ 25. Qxd1 fxe5 26. Qd5 Kh8 27. Qxe5 Qd8 28. Nbd4 Nc6 29. Nxc6 bxc6 30. Rd6 Qc8 31. Nd4 Bc7 32. Ne6 Rf7 33. Rxc6 Qd7 34. Rxc7 Qd1+ 35. Kh2 Rxc7 36. Nxc7 h6 37. Ne6 1-0

[Event "COL-chT rapid Online"]
[Site "Chess.com INT"]
[Date "2020.09.20"]
[Round "4.4"]
[White "Perez Valcarcel, Maria Jose"]
[Black "Ruiz Jaraba, Valentina Sofia"]
[Result "0-1"]
[WhiteElo "1640"]
[BlackElo "1653"]
[PlyCount "112"]
[EventDate "2020.09.19"]
[EventType "team-tourn (rapid)"]
[EventRounds "5"]
[EventCountry "COL"]
[SourceTitle "CBM 198 Extra"]
[Source "ChessBase"]
[SourceDate "2020.11.30"]
[SourceVersion "1"]
[SourceVersionDate "2020.11.30"]
[SourceQuality "1"]
[WhiteTeam "Caqueta"]
[BlackTeam "Atlantico"]
[WhiteTeamCountry "COL"]
[BlackTeamCountry "COL"]

1. e4 c5 2. Nf3 d6 3. d4 cxd4 4. Nxd4 Nf6 5. Nc3 a6 6. Bg5 e6 7. f4 h6 8. Bh4 Be7 9. Qf3 Nbd7 10. 0-0-0 Qc7 11. g4 g5 12. fxg5 Ne5 13. Qe2 Nfxg4 14. Nf3 Bd7 15. h3 hxg5 16. Bxg5 Bxg5+ 17. Nxg5 0-0-0 18. Nxf7 Nxf7 19. Qxg4 Ne5 20. Qe2 Kb8 21. Kb1 Qb6 22. Bg2 Rc8 23. Qd2 Nc4 24. Qc1 Ne3 25. Rxd6 Qxd6 26. Qxe3 Qb4 27. Rd1 Bc6 28. a3 Qe7 29. Qf4+ e5 30. Qe3 Rhg8 31. Bh1 Qc7 32. Ka1 Rg7 33. Bf3 Rg3 34. Qf2 Rcg8 35. Bg4 Rxc3 36. bxc3 Bxe4 37. Qd2 Ka8 38. Re1 Bh7 39. Rb1 Qa5 40. Ka2 Rd8 41. Qg2 Bg8+ 42. Kb2 Qb6+ 43. Ka1 Qc7 44. Qf3 Rb8 45. h4 Qc5 46. Kb2 Qb5+ 47. Kc1 Qa5 48. Kb2 Bd5 49. Qe3 Qb5+ 50. Ka1 Qc4 51. Rb3 e4 52. Qb6 Qf1+ 53. Rb1 Qf4 54. Bc8 Qe5 55. Bxb7+ Bxb7 56. Qa5 Qxa5 0-1

[Event "COL-ch U20 Girls"]
[Site "Tolima"]
[Date "2020.02.15"]
[Round "7"]
[White "Perez Valcarcel, Maria Jose"]
[Black "Cayon, Laura Valentina"]
[Result "1-0"]
[WhiteElo "1443"]
[BlackElo "1740"]
[PlyCount "87"]
[EventDate "2020.02.12"]
[EventType "swiss"]
[EventRounds "7"]
[EventCountry "COL"]
[SourceTitle "CBM 195 Extra"]
[Source "ChessBase"]
[SourceDate "2020.05.31"]
[SourceVersion "1"]
[SourceVersionDate "2020.05.31"]
[SourceQuality "1"]

1. e4 e5 2. Bc4 Nf6 3. d3 c6 4. Qe2 Bd6 5. Nf3 0-0 6. 0-0 Bc7 7. Bg5 d6 8. h3 Be6 9. Bb3 Re8 10. Nc3 Nbd7 11. Rad1 Qb8 12. Bxe6 fxe6 13. d4 exd4 14. Nxd4 d5 15. exd5 exd5 16. Qd2 c5 17. Ndb5 Bh2+ 18. Kh1 d4 19. Bxf6 Nxf6 20. Ne2 Be5 21. Qd3 a6 22. f4 Bd6 23. Nxd6 Qxd6 24. c3 Nd5 25. Rf3 b5 26. cxd4 c4 27. Qd2 Rad8 28. Nc3 Nb4 29. f5 Rf8 30. Ne4 Qe7 31. Nc5 a5 32. Ne6 Nc6 33. Rg3 Rf7 34. Nxd8 Qxd8 35. d5 Rd7 36. Qe3 Re7 37. Qg5 Nb4 38. d6 Rd7 39. f6 g6 40. Rf1 Rf7 41. Re3 Nc6 42. Qxb5 Qxd6 43. Re8+ Rf8 44. Qxc4+ 1-0

[Event "COL-ch U20 Girls"]
[Site "Tolima"]
[Date "2020.02.15"]
[Round "6"]
[White "Serrato Ramirez, Alison Ariana"]
[Black "Perez Valcarcel, Maria Jose"]
[Result "0-1"]
[WhiteElo "1095"]
[BlackElo "1443"]
[PlyCount "52"]
[EventDate "2020.02.12"]
[EventType "swiss"]
[EventRounds "7"]
[EventCountry "COL"]
[SourceTitle "CBM 195 Extra"]
[Source "ChessBase"]
[SourceDate "2020.05.31"]
[SourceVersion "1"]
[SourceVersionDate "2020.05.31"]
[SourceQuality "1"]

1. e4 c5 2. Nf3 e6 3. d4 cxd4 4. Nxd4 a6 5. Be3 Qc7 6. a3 Nf6 7. Nc3 b5 8. Bd3 Bb7 9. f3 Nc6 10. Nxc6 Bxc6 11. Ne2 Rc8 12. c3 Be7 13. 0-0 0-0 14. Ng3 d5 15. exd5 Nxd5 16. Bd2 Rfd8 17. Qe2 Bd6 18. Qf2 Bb7 19. Kh1 Nf6 20. Be4 Bxg3 21. hxg3 Bxe4 22. fxe4 Nxe4 23. Qf4 Nxg3+ 24. Kh2 Nxf1+ 25. Rxf1 Rxd2 26. Qxc7 Rxc7 0-1

[Event "COL-ch U20 Girls"]
[Site "Tolima"]
[Date "2020.02.14"]
[Round "4"]
[White "Perez Valcarcel, Maria Jose"]
[Black "Diaz, Luisa Fernanda"]
[Result "0-1"]
[WhiteElo "1443"]
[BlackElo "1690"]
[PlyCount "58"]
[EventDate "2020.02.12"]
[EventType "swiss"]
[EventRounds "7"]
[EventCountry "COL"]
[SourceTitle "CBM 195 Extra"]
[Source "ChessBase"]
[SourceDate "2020.05.31"]
[SourceVersion "1"]
[SourceVersionDate "2020.05.31"]
[SourceQuality "1"]

1. e4 c5 2. Nc3 a6 3. g3 b5 4. Bg2 Bb7 5. d3 e6 6. f4 b4 7. Nce2 d5 8. e5 Nh6 9. d4 Nf5 10. Nf3 Qb6 11. c3 h5 12. Bh3 Nh6 13. 0-0 Be7 14. Bd2 0-0 15. Ng5 Nd7 16. Rc1 Rac8 17. cxb4 cxd4 18. Nf3 Bxb4 19. Bxb4 Qxb4 20. Qxd4 Qxd4+ 21. Nfxd4 Ng4 22. f5 exf5 23. Rxc8 Rxc8 24. Nxf5 Rc2 25. Nf4 Ndxe5 26. Nxd5 Bxd5 27. Ne7+ Kf8 28. Nxd5 Nxh2 29. Bg2 Nxf1 0-1

[Event "COL-ch U20 Girls"]
[Site "Tolima"]
[Date "2020.02.12"]
[Round "1"]
[White "Perez Valcarcel, Maria Jose"]
[Black "Lopez Mahecha, Natalia"]
[Result "1-0"]
[WhiteElo "1443"]
[BlackElo "1361"]
[PlyCount "49"]
[EventDate "2020.02.12"]
[EventType "swiss"]
[EventRounds "7"]
[EventCountry "COL"]
[SourceTitle "CBM 195 Extra"]
[Source "ChessBase"]
[SourceDate "2020.05.31"]
[SourceVersion "1"]
[SourceVersionDate "2020.05.31"]
[SourceQuality "1"]

1. e4 e5 2. Bc4 Nf6 3. d3 Bc5 4. Nf3 Nc6 5. 0-0 0-0 6. c3 h6 7. h3 Bb6 8. Re1 d6 9. Nbd2 Be6 10. Bb3 d5 11. exd5 Bxd5 12. c4 Be6 13. Ne4 Nxe4 14. Rxe4 Qd6 15. Rh4 Qc5 16. Be3 Nd4 17. Nxd4 exd4 18. Bxd4 Qg5 19. Rh5 Qg6 20. c5 Rfd8 21. Be3 Rxd3 22. Qe2 Ba5 23. Bc2 Bf5 24. Rxf5 Qxf5 25. Bxd3 1-0

[Event "COL Intercollegiate-ch blitz U18 Girls"]
[Site "Paipa"]
[Date "2019.12.15"]
[Round "2"]
[White "Guzman Espinosa, Veronica"]
[Black "Perez Valcarcel, Maria Jose"]
[Result "0-1"]
[WhiteElo "1539"]
[BlackElo "1544"]
[PlyCount "118"]
[EventDate "2019.12.15"]
[EventType "swiss (blitz)"]
[EventRounds "12"]
[EventCountry "COL"]
[SourceTitle "CBM 193 Extra"]
[Source "ChessBase"]
[SourceDate "2020.01.31"]
[SourceVersion "1"]
[SourceVersionDate "2020.01.31"]
[SourceQuality "1"]

1. e4 c5 2. Nf3 e6 3. d3 Nc6 4. Be2 Qc7 5. Nc3 Nf6 6. g3 Be7 7. Bf4 d6 8. 0-0 a6 9. Re1 0-0 10. Qd2 e5 11. Bg5 Be6 12. Rad1 h6 13. Bxf6 Bxf6 14. a3 Rad8 15. Nd5 Bxd5 16. exd5 Ne7 17. c4 b5 18. b3 Rfe8 19. Rc1 Rb8 20. Rb1 Ng6 21. Rec1 Rb7 22. Rc2 Reb8 23. Rcc1 bxc4 24. bxc4 Rxb1 25. Rxb1 Rxb1+ 26. Kg2 Qb7 27. Bd1 Rb2 28. Qe3 Ra2 29. Qc1 Qb2 30. Qe3 Rxa3 31. Ne1 Bg5 32. Qe4 Ra2 33. Nc2 Qc1 34. Qe2 Ne7 35. h4 Bf6 36. Kh2 Nf5 37. Qf3 Rxc2 38. Bxc2 Nd4 39. Qd1 Qxc2 40. Qxc2 Nxc2 41. Kg2 a5 42. Kf1 a4 43. Ke2 a3 44. Kd2 a2 45. Kxc2 a1Q 46. Kd2 Qb2+ 47. Ke3 e4 48. dxe4 Qd4+ 49. Kf3 Qxc4 50. Ke3 Qd4+ 51. Kf3 c4 52. Ke2 c3 53. Kf1 c2 54. Kg2 c1Q 55. Kf3 Qcc3+ 56. Kg2 Qcd2 57. Kh3 Q2xf2 58. Kg4 Qxe4+ 59. Kh3 Qfg2# 0-1

[Event "COL Intercollegiate-ch blitz U18 Girls"]
[Site "Paipa"]
[Date "2019.12.15"]
[Round "7"]
[White "Perez Valcarcel, Maria Jose"]
[Black "Bernal Parra, Eliana Valentina"]
[Result "1-0"]
[WhiteElo "1544"]
[BlackElo "1466"]
[PlyCount "74"]
[EventDate "2019.12.15"]
[EventType "swiss (blitz)"]
[EventRounds "12"]
[EventCountry "COL"]
[SourceTitle "CBM 193 Extra"]
[Source "ChessBase"]
[SourceDate "2020.01.31"]
[SourceVersion "1"]
[SourceVersionDate "2020.01.31"]
[SourceQuality "1"]

1. e4 c5 2. Nf3 Nc6 3. d4 cxd4 4. Nxd4 g6 5. Nc3 Bg7 6. Be3 d6 7. Bc4 Nf6 8. 0-0 Bd7 9. Kh1 a6 10. f4 b5 11. Bb3 0-0 12. a3 Qb6 13. Nf5 Qc7 14. Ng3 b4 15. Nd5 Qb7 16. Nxf6+ Bxf6 17. Rb1 Qc7 18. axb4 Nxb4 19. e5 dxe5 20. fxe5 Bxe5 21. Bh6 Bg7 22. Bxg7 Kxg7 23. Qd4+ Kg8 24. Qxb4 e6 25. Rbd1 Bc6 26. Qf4 Qe7 27. Qd6 Qxd6 28. Rxd6 Bb5 29. Re1 Rad8 30. Rxd8 Rxd8 31. h3 Rd2 32. Ne4 Rd4 33. Nf6+ Kg7 34. Ng4 Rd6 35. c4 Bc6 36. Rd1 Rd8 37. Rxd8 Bd7 1-0

[Event "COL Intercollegiate-ch U18 Girls"]
[Site "Paipa"]
[Date "2019.12.06"]
[Round "2"]
[White "Perez Valcarcel, Maria Jose"]
[Black "Jaraba Andrade, Aura"]
[Result "0-1"]
[WhiteElo "1420"]
[BlackElo "1707"]
[PlyCount "84"]
[EventDate "2019.12.06"]
[EventType "swiss"]
[EventRounds "7"]
[EventCountry "COL"]
[SourceTitle "CBM 193 Extra"]
[Source "ChessBase"]
[SourceDate "2020.01.31"]
[SourceVersion "1"]
[SourceVersionDate "2020.01.31"]
[SourceQuality "1"]

1. e4 e5 2. Nf3 Nf6 3. Nc3 Bb4 4. Bc4 0-0 5. d3 d6 6. 0-0 c6 7. Bg5 Nbd7 8. Ne2 h6 9. Bh4 Re8 10. c3 Ba5 11. Qb3 Qe7 12. d4 b5 13. Bd3 a6 14. Rad1 Nf8 15. Qa3 Bc7 16. dxe5 dxe5 17. Qxe7 Rxe7 18. Bxf6 gxf6 19. Ng3 Ng6 20. Bc2 Be6 21. Nh5 Kf8 22. Nxf6 Nf4 23. Bb3 Bc8 24. h3 h5 25. Kh2 Kg7 26. g3 Nxh3 27. Nxh5+ Kh6 28. Nf6 Kg6 29. g4 Ng5 30. Nxg5 Kxg5 31. Nh5 Bxg4 32. Ng3 Bxd1 33. Rxd1 Rd8 34. Rg1 Rh8+ 35. Kg2 Rd7 36. Kf1 Kf6 37. Nf5 Rd2 38. Rg7 Rd7 39. Kg2 Rh5 40. Kf1 Rxf5 41. Rxf7+ Rxf7 42. Bxf7 Rf4 0-1

[Event "COL-ch U16 Girls"]
[Site "Cali"]
[Date "2019.06.23"]
[Round "8.4"]
[White "Macias Chavarro, Manuela"]
[Black "Perez Valcarcel, Maria Jose"]
[Result "1-0"]
[WhiteElo "1648"]
[BlackElo "1419"]
[PlyCount "59"]
[EventDate "2019.06.19"]
[EventType "tourn"]
[EventRounds "9"]
[EventCountry "COL"]
[SourceTitle "CBM 191 Extra"]
[Source "ChessBase"]
[SourceDate "2019.09.30"]
[SourceVersion "1"]
[SourceVersionDate "2019.09.30"]
[SourceQuality "1"]

1. e4 c5 2. d4 cxd4 3. c3 dxc3 4. Nxc3 Nc6 5. Bc4 d6 6. Nf3 e6 7. 0-0 Nf6 8. Qe2 Be7 9. Rd1 e5 10. Bg5 Bg4 11. Bb5 0-0 12. Be3 a6 13. Bxc6 bxc6 14. h3 Bh5 15. g4 Bg6 16. Nxe5 Nxe4 17. Nxg6 Nxc3 18. Nxe7+ Qxe7 19. bxc3 Qf6 20. Kg2 Rfe8 21. Qf3 Qxc3 22. Rac1 Qb2 23. Rxc6 Qxa2 24. Rdxd6 a5 25. Rc7 Rad8 26. Ra6 Rd3 27. Rxa5 Qb3 28. Ra3 Rdxe3 29. Qxe3 Qxe3 30. Rxe3 1-0

[Event "COL-ch U16 Girls"]
[Site "Cali"]
[Date "2019.06.21"]
[Round "5.4"]
[White "Perez Valcarcel, Maria Jose"]
[Black "Leal, Dayana Vanessa"]
[Result "1-0"]
[WhiteElo "1419"]
[BlackElo "1529"]
[PlyCount "59"]
[EventDate "2019.06.19"]
[EventType "tourn"]
[EventRounds "9"]
[EventCountry "COL"]
[SourceTitle "CBM 191 Extra"]
[Source "ChessBase"]
[SourceDate "2019.09.30"]
[SourceVersion "1"]
[SourceVersionDate "2019.09.30"]
[SourceQuality "1"]

1. e4 e5 2. Nf3 Nc6 3. Bc4 Bc5 4. c3 Nf6 5. d3 d6 6. h3 h6 7. 0-0 0-0 8. Nbd2 a6 9. Re1 Ba7 10. a4 Ne7 11. d4 Ng6 12. Qc2 Re8 13. Qb3 Be6 14. Bxe6 Rxe6 15. d5 Re7 16. Qxb7 c6 17. Qb3 cxd5 18. exd5 Rb8 19. Qa2 Qb6 20. Rf1 Nf4 21. Nc4 Ne2+ 22. Kh1 Qc7 23. Bd2 e4 24. Nh4 Nxd5 25. Nxd6 Rd8 26. Rae1 e3 27. Rxe2 exd2 28. Rxd2 Nf4 29. Rfd1 Red7 30. Nxf7 1-0